000 00321nam a2200121Ia 4500
008 190722s9999 xx 000 0 und d
020 _a978-81-265-1520-2
100 _aTom M.Apostol
245 0 _aCalculus Multi Variable Calculus and linear algebra
260 _aIndia
_bJohn Wiley
_c2017
300 _a673
942 _cBK
999 _c1156
_d1156